00681nam a22001817a 4500008004100000040005500041080001900096100002100115245007600136260005200212300001000264650001600274653001800290700001600308942001300324999001700337952014500354230609b |||||||| |||| 00| 0 eng d aNational Science LibrarycNational Science Library a621.039.59bL21 aBhat, L S911362 aDispersal and uptake of radioactive elements in the tarapur environment aBombay: bBhabha Atomic Research Centre, c1972 a251p. aEnvironment aRadioactivity aKamath, P R 2udccREF c41788d41788 00102udc40662103959_L270962326aNSLbNSLcGF/Rk-12/C-18/R-4d2004-07-13l0o621.039.59 L2p187850r2023-06-09 00:00:00w2004-07-13yREF